Survivor: Pearl Islands Contestants (Final Placements) - Statistics

General Stats
  • This quiz has been taken 393 times
  • The average score is 13 of 16
Answer Stats
Hint Answer % Correct
Winner Sandra Diaz-Twine
96%
3rd Jon Dalton
93%
Runner-Up Lillian Morris
93%
8th Rupert Boneham
89%
5th Burton Roberts
88%
15th Ryan Shoulders
86%
10th Andrew Savage
85%
4th Darrah Johnson
82%
9th Ryan Opray
80%
11th Osten Taylor
79%
6th Christa Hastie
75%
16th Nicole Delma
74%
7th Tijuana Bradley
73%
13th Trish Dunn
67%
14th Michelle Tesauro
66%
12th Shawn Cohen
63%
No matching quizzes found
Score Distribution
Percent of People with Each Score
Percentile by Number Answered
Your Score History
You have not taken this quiz